000 00431nam a22001817a 4500
003 MPLRDC
005 20220104174631.0
008 210129b ||||| |||| 00| 0 eng d
020 _a0-7432-4518-0
082 _a494.7 ORM
100 _aSUZE ORMAN
245 _aTHE LAWS OF MONEY
_c
250 _a第一版
260 _a
_bFREE PRESS
_c2004
300 _b
650 _a财务管理; 经营财务
942 _cBK
_o494.7 ORM
999 _c59963
_d59953